<?xml version="1.0" encoding="UTF-8"?><?xml-stylesheet type="text/xsl" href="static/style.xsl"?><OAI-PMH xmlns="http://www.openarchives.org/OAI/2.0/" xmlns:xsi="http://www.w3.org/2001/XMLSchema-instance" xsi:schemaLocation="http://www.openarchives.org/OAI/2.0/ http://www.openarchives.org/OAI/2.0/OAI-PMH.xsd"><responseDate>2026-04-29T02:37:28Z</responseDate><request verb="GetRecord" identifier="oai:repisalud.isciii.es:20.500.12105/13969" metadataPrefix="marc">https://repisalud.isciii.es/rest/oai/request</request><GetRecord><record><header><identifier>oai:repisalud.isciii.es:20.500.12105/13969</identifier><datestamp>2024-11-29T09:11:43Z</datestamp><setSpec>com_20.500.12105_2052</setSpec><setSpec>com_20.500.12105_2051</setSpec><setSpec>com_20.500.12105_15322</setSpec><setSpec>col_20.500.12105_19608</setSpec><setSpec>col_20.500.12105_16972</setSpec></header><metadata><record xmlns="http://www.loc.gov/MARC21/slim" xmlns:dcterms="http://purl.org/dc/terms/" xmlns:doc="http://www.lyncode.com/xoai" xmlns:xsi="http://www.w3.org/2001/XMLSchema-instance" xsi:schemaLocation="http://www.loc.gov/MARC21/slim http://www.loc.gov/standards/marcxml/schema/MARC21slim.xsd">
   <leader>00925njm 22002777a 4500</leader>
   <datafield ind2=" " ind1=" " tag="042">
      <subfield code="a">dc</subfield>
   </datafield>
   <datafield ind2=" " ind1=" " tag="720">
      <subfield code="a">Teixidó-Compañó, Ester</subfield>
      <subfield code="e">author</subfield>
   </datafield>
   <datafield ind2=" " ind1=" " tag="720">
      <subfield code="a">Espelt, Albert</subfield>
      <subfield code="e">author</subfield>
   </datafield>
   <datafield ind2=" " ind1=" " tag="720">
      <subfield code="a">Sordo, Luis</subfield>
      <subfield code="e">author</subfield>
   </datafield>
   <datafield ind2=" " ind1=" " tag="720">
      <subfield code="a">Bravo, Maria Jose</subfield>
      <subfield code="e">author</subfield>
   </datafield>
   <datafield ind2=" " ind1=" " tag="720">
      <subfield code="a">Sarasa-Renedo, Ana</subfield>
      <subfield code="e">author</subfield>
   </datafield>
   <datafield ind2=" " ind1=" " tag="720">
      <subfield code="a">Indave-Ruiz, Blanca Iciar</subfield>
      <subfield code="e">author</subfield>
   </datafield>
   <datafield ind2=" " ind1=" " tag="720">
      <subfield code="a">Bosque-Prous, Marina</subfield>
      <subfield code="e">author</subfield>
   </datafield>
   <datafield ind2=" " ind1=" " tag="720">
      <subfield code="a">Brugal, M Teresa</subfield>
      <subfield code="e">author</subfield>
   </datafield>
   <datafield ind2=" " ind1=" " tag="260">
      <subfield code="c">2018</subfield>
   </datafield>
   <datafield ind2=" " ind1=" " tag="520">
      <subfield code="a">[EN] Objective: To determine differences between men and women in hazardous drinking, heavy cannabis use and hypnosedative use according to educational level and employment status in the economically active population in Spain. Method: Cross-sectional study with data from 2013 Spanish Household Survey on Alcohol and Drugs on individuals aged 25-64 [n=14,113 (women=6,171; men=7,942)]. Dependent variables were hazardous drinking, heavy cannabis use and hypnosedative consumption; the main independent variables were educational level and employment situation. Associations between dependent and independent variables were calculated with Poisson regression models with robust variance. All analyses were stratified by sex. Results: Hazardous drinking and heavy cannabis use were higher in men, while women consumed more hypnosedatives. The lower the educational level, the greater the gender differences in the prevalence of this substances owing to different consumption patterns in men and women. While men with a lower educational level were higher hazardous drinkers [RII=2.57 (95%CI: 1.75-3.78)] and heavy cannabis users [RII=3.03 (95%CI: 1.88-4.89)] compared to higher educational level, in women the prevalence was the same. Women with a lower education level and men with a higher education level had higher hypnosedative consumption. Unemployment was associated with increased heavy cannabis use and hypnosedative use in both women and men and with lower hazardous drinking only in women. Conclusions: There are differences between men and women in the use of psychoactive substances that can be explained by the unequal distribution of substance use in them according to educational level. Unemployment was associated with substance use in both men and women.&#xd;
[ES] Objetivo: Determinar las diferencias entre hombres y mujeres en cuanto a consumo de riesgo de alcohol, de cánnabis y en el consumo de hipnosedantes según el nivel educativo y la situación laboral en la población activa española. Métodos: Estudio transversal con datos de la Encuesta Domiciliaria sobre Alcohol y Drogas en España (2013) de personas de 25-64 años de edad (n = 14.113 [mujeres = 6.171; hombres = 7.942]). Las variables dependientes fueron consumo de riesgo de alcohol, consumo de cánnabis y consumo de hipnosedantes; las principales independientes fueron el nivel de estudios y la situación laboral. Para estimar la asociación entre variables dependientes e independientes se calcularon modelos de regresión de Poisson con varianza robusta. Todos los análisis se estratificaron por sexo. Resultados: Los hombres tenían mayor consumo de riesgo de alcohol y cánnabis, mientras que las mujeres consumían más hipnosedantes. A menor nivel de estudios, mayores diferencias de sexo en el consumo de estas sustancias. Esto fue debido al patrón distinto de mujeres y hombres. Mientras los hombres con un menor nivel de estudios tenían mayor consumo de riesgo de alcohol (RII = 2,57; IC95%: 1,75-3,78) y cánnabis (RII = 3,03; IC95%: 1,88-4,89), en comparación con los de un mayor nivel de estudios, la prevalencia en las mujeres era la misma. Las mujeres con menor nivel de estudios y los hombres con mayor nivel de estudios consumían más hipnosedantes. La desocupación se asociaba a un mayor consumo de riesgo de cánnabis y de hipnosedantes tanto en las mujeres como en los hombres, y a un menor consumo de riesgo de alcohol solo en las mujeres. Conclusiones: Existen diferencias entre los hombres y las mujeres en el consumo de sustancias psicoactivas. Estas diferencias pueden explicarse por la desigual distribución del consumo de sustancias en ambos sexos según el nivel de estudios. La desocupación se asociaba al consumo de sustancias tanto en los hombres como en las mujeres.</subfield>
   </datafield>
   <datafield ind1="8" ind2=" " tag="024">
      <subfield code="a">Gac Sanit. Jan-Feb 2018;32(1):41-47.</subfield>
   </datafield>
   <datafield ind1="8" ind2=" " tag="024">
      <subfield code="a">http://hdl.handle.net/20.500.12105/13969</subfield>
   </datafield>
   <datafield ind1="8" ind2=" " tag="024">
      <subfield code="a">28318754</subfield>
   </datafield>
   <datafield ind1="8" ind2=" " tag="024">
      <subfield code="a">10.1016/j.gaceta.2016.12.017</subfield>
   </datafield>
   <datafield ind1="8" ind2=" " tag="024">
      <subfield code="a">1578-1283</subfield>
   </datafield>
   <datafield ind1="8" ind2=" " tag="024">
      <subfield code="a">Gaceta Sanitaria</subfield>
   </datafield>
   <datafield tag="653" ind2=" " ind1=" ">
      <subfield code="a">Alcohol consumption</subfield>
   </datafield>
   <datafield tag="653" ind2=" " ind1=" ">
      <subfield code="a">Marijuana smoking</subfield>
   </datafield>
   <datafield tag="653" ind2=" " ind1=" ">
      <subfield code="a">Hypnotics and sedatives</subfield>
   </datafield>
   <datafield tag="653" ind2=" " ind1=" ">
      <subfield code="a">Educational status</subfield>
   </datafield>
   <datafield tag="653" ind2=" " ind1=" ">
      <subfield code="a">Employment</subfield>
   </datafield>
   <datafield tag="653" ind2=" " ind1=" ">
      <subfield code="a">Sex</subfield>
   </datafield>
   <datafield tag="653" ind2=" " ind1=" ">
      <subfield code="a">Consumo de bebidas alcohólicas</subfield>
   </datafield>
   <datafield tag="653" ind2=" " ind1=" ">
      <subfield code="a">Fumar marihuana</subfield>
   </datafield>
   <datafield tag="653" ind2=" " ind1=" ">
      <subfield code="a">Hipnóticos y sedantes</subfield>
   </datafield>
   <datafield tag="653" ind2=" " ind1=" ">
      <subfield code="a">Escolaridad</subfield>
   </datafield>
   <datafield tag="653" ind2=" " ind1=" ">
      <subfield code="a">Empleo</subfield>
   </datafield>
   <datafield tag="653" ind2=" " ind1=" ">
      <subfield code="a">Sexo</subfield>
   </datafield>
   <datafield ind2="0" ind1="0" tag="245">
      <subfield code="a">Differences between men and women in substance use: the role of educational level and employment status</subfield>
   </datafield>
</record></metadata></record></GetRecord></OAI-PMH>